000
00195nam a22000857a 4500
999
_c
23731
_d
23731
005
20250212120518.0
008
250212b ||||| |||| 00| 0 eng d
040
_c
sk
245
_a
Záchody celého sveta